000 00606nam a2200229Ia 4500
008 191130s2007##################000#0#eng##
020 _a9781405321983
022 _a2007299593
040 _aACL
_cACL
082 _a133.5 JUL
100 _aParker, Julia
245 _aEyewitness companion: astrology
_cJulia & Derek Parker
250 _a1st ed
260 _aNew York
_bDK Pub
_cc2007
300 _a352 p. : col. ill. ; 22 cm
500 _aIncludes index
650 _aAstrology
700 _aParker, Derek
990 _a5cd4e0f8ac10000c13b9797bea1c3ee6
991 _a175266
999 _c180674
_d180674